Premio a la libertad 2002.

Salvato in:
Dettagli Bibliografici
Ente Autore: Fundación Presidente Balmaceda
Natura: Libro
Lingua:spagnolo
Pubblicazione: Santiago, Chile Fundación Presidente Balmaceda 2003
Soggetti:
Tags: Aggiungi Tag
Nessun Tag, puoi essere il primo ad aggiungerne!!

MARC

LEADER 00000nam a2200000 a 4500
001 UCL2541
003 CL-VaPUC
005 20241004095826.0
008 031024e20030000CL |||||||||||||||||spa|d
999 |c 305838  |d 305836 
040 |c Pontificia Universidad Católica de Valparaíso 
082 0 4 |a 323 FUN 2003  |2 21 
110 2 |a Fundación Presidente Balmaceda  |9 479661 
245 1 0 |a Premio a la libertad 2002. 
260 0 3 |a Santiago, Chile  |b Fundación Presidente Balmaceda  |c 2003 
300 |a 36 páginas 
500 |a Incluye los discursos pronunciados por el presidente de la Fundación don Pedro Correa Opaso, y por Patricio Aylwin Azócar, quien obtuvo el reconocimiento. 
583 |a last modification  |c 20031024 00:00:00  |k Rodrigo Vera 
600 0 |a Aylwin Azócar, Patricio,  |d 1918-2016  |9 368860 
650 0 |a Derechos humanos  |9 223025 
650 0 |a Libertad  |9 255686 
650 0 |a Democracia  |9 255256 
650 0 |a Abuso de poder  |9 324689 
651 7 |a CHILE  |2 CL-VaPUC  |9 479662 
942 |c BK  |2 ddc 
945 |d 20031024 00:00:00  |a cmena 
952 |0 0  |1 0  |2 ddc  |4 0  |6 323_000000000000000_FUN_2003  |7 0  |8 A  |9 370308  |a BIBHIS  |b BIBHIS  |d 2019-11-21  |i 3951626  |o 323 FUN 2003  |p 3951626  |r 2025-01-20  |t 1  |w 2019-11-21  |y BK  |k HIS 
952 |0 0  |1 0  |2 ddc  |4 0  |6 323_000000000000000_FUN_2003  |7 0  |8 A  |9 370309  |a BIBHIS  |b BIBHIS  |d 2019-11-21  |i 3951634  |o 323 FUN 2003  |p 3951634  |r 2025-01-20  |t 2  |w 2019-11-21  |y BK  |k HIS